| 000 | 00663nam a2200229Ia 4500 | ||
|---|---|---|---|
| 005 | 20231202134907.0 | ||
| 008 | 131103s9999 xx 000 0 und d | ||
| 020 |
_a8120309561 _cRs.295 |
||
| 040 | _aLoreto College | ||
| 041 | _aEnglish | ||
| 082 |
_a342.954 _bBAS |
||
| 100 | _aBasu, Durga Das | ||
| 245 |
_aConstitutional law of India _cDurga Das Basu |
||
| 260 |
_aNew Delhi _bPrentice-Hall of India _c1998 |
||
| 300 | _axlviii,618p. | ||
| 504 | _aIncludes bibliographical references and index | ||
| 630 | _aIndia - Constitutional Law | ||
| 650 | _aConstitution | ||
| 651 | _aConstitutional and Administrative Law | ||
| 850 | _aLCLIB | ||
| 942 | _cBK | ||
| 999 |
_c10545 _d61024 |
||